shadow slave flaws - Statistics

General Stats
  • This quiz has been taken 16 times
  • The average score is 10 of 12
Answer Stats
Hint Answer % Correct
[you cannot see] Cassie
100%
[You must age to use your power] Caster
100%
[You are dead] Jet
100%
[You cannot be lied to] Kai
100%
[You must suffer to use your power] Nephis
100%
[You cannot lie] Sunny/sunless
100%
[You will lose everything you cherish] Anvil
89%
[You cannot have children] Ki Song
89%
[Excessive growth] Dorn
67%
[You cannot use enchanted objects] Jest
67%
[You cannot be exposed to sunlight] Revel
67%
[You cannot break promises] Quentin
44%
No matching quizzes found
Score Distribution
Percent of People with Each Score
Percentile by Number Answered
Your Score History
You have not taken this quiz